000 00405nam a2200145 4500
020 _a9788120336056
082 _a621.8 DES
100 _aDesi, M.D.
245 _aControl system components
260 _aNew Delhi, India
_bPHI Learning
_c2008
300 _axiii, 437 p.
_bill. ;
500 _aIncludes index.
650 _a1. Electronic control. 2. Electric controllers. 3. Servomechanisms.
942 _cBK
999 _c12344
_d12344